000 00583nam a2200217Ia 4500
001 245
003 AR-BaAGN
005 20231103120955.0
007 ta
008 211206s9999 xx 000 0 spa d
040 _aAR-BaAGN
_bspa
_eaacr
100 _aCosta, Julio A.
245 1 0 _aMensaje del gobernador Costa al asumir su mandato (mayo 1° de 1890)
260 _aLa Plata :
_b[Gobierno de la Provincia de Buenos Aires],
_c1890.
300 _a22 páginas
336 _2rdacontent
_btxt
337 _2rdamedia
_bn
338 _2rdacarrier
_bnc
942 _cLIBRO
999 _c245
_d245